000 00406nam a2200133Ia 4500
008 100328s9999 xx 000 0 und d
082 _b66343
100 _aखांडेकर वि.स.
245 _aदोन ध्रुव.
260 _bमेहता पब्लिशिंग हाऊस.
630 _aदोन ध्रुव.
730 _aदोन ध्रुव.
942 _cBOOK
999 _c552083
_d552080